| 000 | 00647nam a22002177a 4500 | ||
|---|---|---|---|
| 999 |
_c9030 _d9030 |
||
| 003 | AR-CdUCM | ||
| 008 | 190327b ||||| |||| 00| 0 spa d | ||
| 040 |
_aMUNICIPALIDAD PROVINCIAL DEL CUSCO _cBIBLIOTECA MUNICIPAL DEL CUSCO |
||
| 082 |
_a866.41 / _bW64 |
||
| 100 |
_aWiesse, María _98976 |
||
| 245 |
_aDiario sin fechas : _b(novela) / |
||
| 260 |
_aLima : _bEnrique Bustamante y Bollivián, _c1948. |
||
| 300 |
_a93 páginas ; _c17 cm. |
||
| 500 | _aCon dedicatoria a Luis Nieto | ||
| 505 | _aContenido: Novela | ||
| 650 |
_aNovela _9572 |
||
| 650 |
_aLiteratura _9416 |
||
| 650 |
_aDiario _99183 |
||
| 942 |
_2ddc _cLIBROS |
||
| 945 | _admma | ||